Normal view
MARC view
Entry Topical Term
001 - CONTROL NUMBER
- control field: 26034
003 - CONTROL NUMBER IDENTIFIER
- control field: OSt
005 - DATE AND TIME OF LATEST TRANSACTION
- control field: 20140317153440.0
008 - FIXED-LENGTH DATA ELEMENTS
- fixed length control field: 140317|| aca||aabn | a|a d
040 ## - CATALOGING SOURCE
- Original cataloging agency: OSt
- Transcribing agency: OSt
600 ## -
- : Microcomputers.
670 ## - SOURCE DATA FOUND
- Source citation: Work cat.: (OSt)0: Adam Osborne and Associates. 26033, An introduction to microcomputers., c1975-1977.
